000 01053nam a22002297a 4500
999 _c18005
_d18005
003 BDDh-ASL
005 20231015025652.0
008 200916b1985 ||||| |||| 00| 0 d
040 _aBDDh-ASL
_cBDDh-ASL
_dBDDh-ASL
041 _abengali
082 _a297.09254
_bYUB
100 _9840
_aইউসফজী, নওসের আলি খাঁ
245 0 _aবঙ্গীয় মুসলমান
_cনওসের আলি খাঁ ইউসফজী; গোলাম সাকলায়েন (সম্পা.)।
246 _aBangya Musalman.
260 _aঢাকা:
_bইসলামিক ফাউণ্ডেশন বাংলাদেশ,
_c১৯৮৫।
300 _a৫৩ পৃষ্ঠা:
_c২২ সে. মি.।
504 _aগ্রন্থপঞ্জি সংযুক্ত।
600 _2বাংলার
650 0 _9841
_aবঙ্গীয় মুসলমান
_xইসলাম ধর্ম
700 1 0 _aসাকলায়েন, গোলাম
_9842
942 _2ddc
_cBK